History Quiz

Random History or City Quiz

Historical City Populations Quiz Stats

 Plays Quiz Updated May 25, 2017

     
Support Sporcle.
Go Orange.
Score 0/40 Timer 08:00
0 Plays Today
Year City % Correct
1900New York City, United States
97.9%
1950New York City, United States
97.9%
1800London, United Kingdom
97.2%
1900London, United Kingdom
97.2%
1950London, United Kingdom
97.2%
1500Paris, France
95.1%
1800Paris, France
95.1%
1900Paris, France
95.1%
1950Paris, France
95.1%
1800Edo (Tokyo), Japan
86.1%
1900Tokyo, Japan
86.1%
1950Tokyo, Japan
86.1%
1500Beijing, China
84.4%
1800Beijing, China
84.4%
1900Berlin, Germany
83.6%
1950Moscow, Russia
78.7%
1900Chicago, United States
67.3%
1950Chicago, United States
67.3%
1500Cairo, Egypt
64.7%
1800Constantinople (Istanbul), Turkey
63.7%
Year City % Correct
1500Constantinople (Istanbul), Turkey
63.7%
1950Shanghai, China
62.4%
1900St. Petersburg, Russia
45.5%
1900Philadelphia, United States
42.7%
1900Vienna, Austria
37.6%
1950Kolkata, India
33.9%
1950Buenos Aires, Argentina
30.1%
1900Manchester, United Kingdom
29%
1800Osaka, Japan
24.7%
1800Kyoto, Japan
21.6%
1800Naples, Italy
21.4%
1800Guangzhou, China
14.7%
1500Guangzhou, China
13.1%
1500Nanjing, China
9.8%
1950Ruhr Metro, Germany
6.2%
1500Hangzhou, China
4.2%
1800Hangzhou, China
4.2%
1500Tabriz, Iran
2.2%
1500Vijayanagar, India
1.8%
1500Gaur, India
1.5%

From the Vault

Number Retired, Not in Hall of Fame (MLB)

by El_Dandy

Sports 8m
Place your bets! Who from this quiz will be first to make their way into the Hall of Fame?
Remove Ads.
Support Sporcle.
Get the best of Sporcle when you Go Orange. This ad-free experience offers more features, more stats, and more fun while also helping to support Sporcle. Thank you for becoming a member.

Show Comments

Extras

Top Quizzes Today


Score Distribution

Your Account Isn't Verified!

In order to create a playlist on Sporcle, you need to verify the email address you used during registration. Go to your Sporcle Settings to finish the process.

Report this User

Report this user for behavior that violates our Community Guidelines.

Details: